S-Bahn Mitteldeutschland S4 - Statistiken

Allgemein
  • Dieses Quiz wurde 50 mal gespielt
  • Das Durchschnittsergebnis liegt bei 20 aus 34
Antwortstatistiken
Antwort % Korrekt
Leipzig MDR
93%
Leipzig Hauptbahnhof
90%
Markkleeberg
88%
Leipzig Markt
85%
Leipzig Wilhelm-Leuschner-Platz
83%
Eilenburg
78%
Leipzig Bayrischer Bahnhof
75%
Markkleeberg-Gaschwitz
75%
Leipzig-Connewitz
73%
Torgau
73%
Hoyerswerda
70%
Leipzig Nord
70%
Taucha
70%
Markkleeberg Nord
68%
Eilenburg Ost
65%
Leipzig-Thekla
65%
Falkenberg (Elster)
60%
Ruhland
58%
Leipzig-Heiterblick
53%
Leipzig Mockauer Straße
53%
Markkleeberg-Großstädteln
53%
Jesewitz
48%
Doberschütz
45%
Elsterwerda-Biehla
45%
Mockrehna
45%
Lauchhammer
43%
Rehfeld
43%
Bad Liebenwerda
40%
Beilrode
40%
Pönitz
40%
Schwarzkollm
38%
Hosena
33%
Lauta
33%
Plessa
33%
Keine übereinstimmenden Quizze gefunden
Verteilung der Resultate
Anzahl Personen mit jedem Resultat
Perzentil nach korrekt beantworteten Fragen
Ihre Resultats-Entwicklung
Sie haben dieses Quiz noch nicht gespielt